| 000 | | | 03778nac2a22002651x 450 |
| 001 | | | 0590dff1-4eaa-4ad3-adcf-6e3e32c78389 |
| 005 | | | 20160710013102.0 |
| 100 | ## | $a | 20160524l19211921k y0rusy50 ca |
| 101 | 0# | $a | rus |
| 102 | ## | $a | RU |
| 105 | ## | $a | y z ||||| |
| 122 | 2# | $a | d19211003 |
| | $a | d19211230 |
| 200 | 1# | $a | Протоколы №№ 4 (136) - 42 (174) заседаний Украинского Экономического Совета с 3 октября по 30 декабря 1921 года |
| | $j | 3 октября - 30 декабря 1921 |
| 215 | ## | $a | 105 листов |
| 251 | ## | $c | Дело |
| 300 | ## | $a | Печатные |
| 300 | ## | $a | Напечатано типографским способом |
| 330 | ## | $a | Входит в раздел описи: Управление Делами Секретариат. I. Протоколы. и/ Протоколы республиканских, краевых, областных и губернских экономических совещаний. Советские Социалистические Республики |
| 461 | #0 | $1 | 001ad6baeac-e292-4829-90d1-2f4f65796a62 |
| | $1 | 2001 |
| | $a | СОВЕТ НАРОДНЫХ КОМИССАРОВ РСФСР (СНК РСФСР) |
| | $1 | 251 |
| | $c | Фонд |
| | $1 | 852 |
| | $j | 130 |
| | $g | Р |
| 462 | #0 | $1 | 001749580a7-5abb-40c4-a39c-e540631a040a |
| | $1 | 2001 |
| | $a | 1921 г. |
| | $v | Д. 581 |
| | $1 | 251 |
| | $c | Опись |
| | $1 | 852 |
| | $j | 5 |
| 601 | 01 | $3 | RU\NLR\AUTH\661074810 |
| | $a | РСФСР |
| | $b | Совет Народных Комиссаров |
| 601 | 02 | $a | Украинский экономический совет |
| 801 | #0 | $a | RU |
| | $b | GA_RF |
| 801 | #1 | $a | RU |
| | $b | НПО Опыт |
| | $c | 20160524 |
| | $2 | rusmarc |
| 801 | #2 | $a | RU |
| | $b | ПБ им. Б.Н. Ельцина |
| | $c | 20160710 |
| | $g | RCR |
| | $2 | rusmarc |
| 852 | ## | $a | ГА РФ |
| | $j | 581 |
| 937 | ## | $d | 79122682 |
| | $h | ПБ |
| 035 | ## | $a | RuPRLIB51039184 |